000 00649nam a2200241Ia 4500
003 OSt
005 20221007074216.0
006 a|||||r|||| 00| 0
007 ta
008 221006b |||||||| |||| 00| 0 eng d
024 _a26,637
037 _cTextual
040 _aFLL
_cFLL
_beng
041 _2eng
_aeng
082 _aZ73:35y7, J4;K8;1
100 _aHonnold John
245 0 _aLaw of sales and sales financing
250 _a3rd
260 _aMineola
_bThe Foundation Press, Inc. New York
_c1968
300 _axliii,1-853p
_ccm.
942 _hZ73:35y7, J4;K8;1
_cTEXL
_2CC
999 _c1151530
_d1151530